Stav zákaziek a finančné ukazovatele stavebných podnikov SR za 4. štvrťrok 2017

Na minha lista:
Detalhes bibliográficos
Formato: Livro
Idioma:eslovaco
Publicado em: Bratislava Štatistický úrad Slovenskej republiky 2018
Colecção:Odvetvové štatistiky
Assuntos:
Tags: Adicionar Tag
Sem tags, seja o primeiro a adicionar uma tag!

MARC

LEADER 00000nlm$a2200000$$$4500
001 0242700
005 20260206113151.1
041 0 |a slo 
044 |a SK 
245 1 0 |a Stav zákaziek a finančné ukazovatele stavebných podnikov SR za 4. štvrťrok 2017 
264 1 |a Bratislava  |b Štatistický úrad Slovenskej republiky  |c 2018 
300 |a 17 s. 
490 1 |a Odvetvové štatistiky 
830 0 |a Odvetvové štatistiky 
500 |a Zdroj dokumentu: Štatistický úrad SR 
610 2 0 |a Slovensko 
610 2 0 |a stavebníctvo 
610 2 0 |a podnik stavebný 
610 2 0 |a ukazovatele finančné 
610 2 0 |a zákazky